Principles of modern company law

محفوظ في:
التفاصيل البيبلوغرافية
المؤلف الرئيسي: Davies,Paul
التنسيق: كتاب
منشور في: Londo : Sweet and Maxwell.; c 2003.
الطبعة:7th ed.
الموضوعات:
الوسوم: إضافة وسم
لا توجد وسوم, كن أول من يضع وسما على هذه التسجيلة!

MARC

LEADER 00000nam a2200000 4500
005 20251008071243.0
020 |a 0217788003  |c TZS.36,465/= 
040 |a MCCL  |b eng.  |e AACR 2nd rev.ed. 
082 |a 342.10666 DAV 
100 |a Davies,Paul 
245 |a Principles of modern company law  |c / Paul L.Davies 
250 |a 7th ed. 
260 |a Londo :  |b Sweet and Maxwell.;  |c c 2003. 
300 |a lxxviii,897 p. :  |c 23 cm. 
504 |a Includes index. 
546 |a eng. 
650 |a Company law 
650 |a Corporate governance 
650 |a Formation procedures 
700 |a Davies,Paul 
942 |c BK 
999 |c 12276  |d 12276